Central Library OPAC University of Rajshahi

Peel and the Conservative party : (Record no. 24803)

MARC details
000 -LEADER
fixed length control field 00922nam a2200265 a 4500
001 - CONTROL NUMBER
control field 24803
003 - CONTROL NUMBER IDENTIFIER
rucl marc code BD-RjUL
005 - DATE AND TIME OF LATEST TRANSACTION
control field 20211209001112.0
008 - FIXED-LENGTH DATA ELEMENTS--GENERAL INFORMATION
fixed length control field 140315s19641929enk b 001 0 eng d
035 ## - SYSTEM CONTROL NUMBER
System control number (BD-RjUL)24872
040 ## - CATALOGING SOURCE
Original cataloging agency TRI
Transcribing agency TRI
Modifying agency m.c
-- BD-RjUL
Language of cataloging eng
041 ## - LANGUAGE CODE
Language code of text/sound track or separate title eng
082 ## - DEWEY DECIMAL CLASSIFICATION NUMBER
Classification number 942.075
Author mark and year KIP 1964
100 1# - MAIN ENTRY--PERSONAL NAME
Personal name Kitson Clark, G. S. R.
Fuller form of name (George Sidney Roberts),
Dates associated with a name 1900-1975
9 (RLIN) 68837
245 10 - TITLE STATEMENT
Title Peel and the Conservative party :
Remainder of title a study in party politics 1832-1841 /
Statement of responsibility, etc. George Kitson Clark
250 ## - EDITION STATEMENT
Edition statement 2d ed.
260 ## - PUBLICATION, DISTRIBUTION, ETC. (IMPRINT)
Place of publication, distribution, etc. London :
Name of publisher, distributor, etc. Frank Cass and Co, Ltd.,
Date of publication, distribution, etc. 1929 [ed. 1964].
300 ## - PHYSICAL DESCRIPTION
Pagination xxvii, 515 p. ;
Size 23 cm
504 ## - BIBLIOGRAPHY, ETC. NOTE
Bibliography, etc Bibliography: p. 495-500 and index.
600 10 - SUBJECT ADDED ENTRY--PERSONAL NAME
Personal name Peel, Robert,
Dates associated with a name 1788-1850
610 20 - SUBJECT ADDED ENTRY--CORPORATE NAME
Corporate name or jurisdiction name as entry element Conservative Party (Great Britain)
650 ## - SUBJECT ADDED ENTRY--TOPICAL TERM
Topical term or geographic name as entry element Great Britain
9 (RLIN) 76366
651 #0 - SUBJECT ADDED ENTRY--GEOGRAPHIC NAME
Geographic name Great Britain
General subdivision Politics and government
Chronological subdivision 1830-1837
9 (RLIN) 74084
942 ## - ADDED ENTRY ELEMENTS (KOHA)
Source of classification or shelving scheme Dewey Decimal Classification
Koha item type Books
Holdings
Lost status Source of classification or shelving scheme Damaged status Not for loan Collection code Permanent Location Current Location Shelving location Date acquired Source of acquisition Cost, normal purchase price Total Checkouts Full call number Date last seen Copy number Koha item type
  Dewey Decimal Classification   Added to bundle Non-fiction Central Library, University of Rajshahi Central Library, University of Rajshahi Reading Room 23/09/1968 Zeitlinger 60.00   942.075 KIP 1964 15/03/2014 C-1 Books
  Dewey Decimal Classification     Non-fiction Central Library, University of Rajshahi Central Library, University of Rajshahi   23/09/1968 Zeitlinger 60.00   942.075 KIP 1964 15/03/2014 C-2 Books